All West Bromwich Albion Premier League Players Ever - Statistics

General Stats
  • This quiz has been taken 21 times
  • The average score is 148 of 346
Answer Stats
% Correct
2008/09 Northern Ireland Chris Brunt 34
83%
2010/11 Northern Ireland Chris Brunt 34
83%
2011/12 Northern Ireland Chris Brunt 29
83%
2012/13 Northern Ireland Chris Brunt 31
83%
2013/14 Northern Ireland Chris Brunt 28
83%
2014/15 Northern Ireland Chris Brunt 34
83%
2015/16 Northern Ireland Chris Brunt 22
83%
2016/17 Northern Ireland Chris Brunt 31
83%
2017/18 Northern Ireland Chris Brunt 26
83%
2020/21 England Sam Johnstone 37
83%
2004/05 Hungary Zoltan Gera 38
83%
2005/06 Hungary Zoltan Gera 15
83%
2011/12 Hungary Zoltan Gera 3
83%
2012/13 Hungary Zoltan Gera 16
83%
2013/14 Hungary Zoltan Gera 14
83%
2011/12 England Ben Foster 37
75%
2012/13 England Ben Foster 30
75%
2013/14 England Ben Foster 24
75%
2014/15 England Ben Foster 28
75%
2015/16 England Ben Foster 15
75%
2016/17 England Ben Foster 38
75%
2017/18 England Ben Foster 37
75%
2012/13 Argentina Claudio Yacob 30
75%
2013/14 Argentina Claudio Yacob 27
75%
2014/15 Argentina Claudio Yacob 20
75%
2015/16 Argentina Claudio Yacob 34
75%
2016/17 Argentina Claudio Yacob 33
75%
2017/18 Argentina Claudio Yacob 16
75%
2017/18 England Gareth Barry 25
75%
2015/16 Northern Ireland Jonny Evans 30
75%
2016/17 Northern Ireland Jonny Evans 31
75%
2017/18 Northern Ireland Jonny Evans 28
75%
2020/21 England Darnell Furlong 35
67%
2011/12 Northern Ireland Gareth McAuley 32
67%
2012/13 Northern Ireland Gareth McAuley 36
67%
2013/14 Northern Ireland Gareth McAuley 32
67%
2014/15 Northern Ireland Gareth McAuley 24
67%
2015/16 Northern Ireland Gareth McAuley 34
67%
2016/17 Northern Ireland Gareth McAuley 36
67%
2017/18 Northern Ireland Gareth McAuley 9
67%
2016/17 Wales Hal Robson-Kanu 29
67%
2017/18 Wales Hal Robson-Kanu 21
67%
2020/21 Wales Hal Robson-Kanu 19
67%
2008/09 Scotland James Morrison 30
67%
2010/11 Scotland James Morrison 31
67%
2011/12 Scotland James Morrison 30
67%
2012/13 Scotland James Morrison 35
67%
2013/14 Scotland James Morrison 32
67%
2014/15 Scotland James Morrison 33
67%
2015/16 Scotland James Morrison 18
67%
2016/17 Scotland James Morrison 31
67%
2017/18 Scotland James Morrison 4
67%
2008/09 Sweden Jonas Olsson 28
67%
2010/11 Sweden Jonas Olsson 24
67%
2011/12 Sweden Jonas Olsson 33
67%
2012/13 Sweden Jonas Olsson 36
67%
2013/14 Sweden Jonas Olsson 32
67%
2014/15 Sweden Jonas Olsson 13
67%
2015/16 Sweden Jonas Olsson 28
67%
2016/17 Sweden Jonas Olsson 7
67%
2020/21 England Kyle Bartley 30
67%
2016/17 Scotland Matt Phillips 27
67%
2017/18 Scotland Matt Phillips 30
67%
2020/21 Scotland Matt Phillips 33
67%
2012/13 Belgium Romelu Lukaku 35
67%
2013/14 Burundi Saido Berahino 32
67%
2014/15 Burundi Saido Berahino 38
67%
2015/16 Burundi Saido Berahino 31
67%
2016/17 Burundi Saido Berahino 4
67%
2015/16 Venezuela Salomon Rondon 34
67%
2016/17 Venezuela Salomon Rondon 38
67%
2017/18 Venezuela Salomon Rondon 36
67%
2008/09 DR Congo Youssouf Mulumbu 6
67%
2010/11 DR Congo Youssouf Mulumbu 34
67%
2011/12 DR Congo Youssouf Mulumbu 35
67%
2012/13 DR Congo Youssouf Mulumbu 28
67%
2013/14 DR Congo Youssouf Mulumbu 37
67%
2014/15 DR Congo Youssouf Mulumbu 17
67%
2011/12 England Billy Jones 18
58%
2012/13 England Billy Jones 27
58%
2013/14 England Billy Jones 21
58%
2020/21 England Conor Townsend 25
58%
2020/21 Ireland Dara O'Shea 28
58%
2020/21 England Grady Diangana 20
58%
2008/09 Scotland Graham Dorrans 8
58%
2010/11 Scotland Graham Dorrans 21
58%
2011/12 Scotland Graham Dorrans 31
58%
2012/13 Scotland Graham Dorrans 26
58%
2013/14 Scotland Graham Dorrans 14
58%
2014/15 Scotland Graham Dorrans 21
58%
2020/21 Brazil Matheus Pereira 33
58%
2020/21 Turkey Okay Yokuslu 16
58%
2010/11 Nigeria Peter Odemwingie 32
58%
2011/12 Nigeria Peter Odemwingie 30
58%
2012/13 Nigeria Peter Odemwingie 25
58%
2020/21 Scotland Robert Snodgrass 8
58%
2020/21 St. Kitts & Nevis Romaine Sawyers 19
58%
2020/21 Nigeria Semi Ajayi 33
58%
2002/03 Wales Andy Johnson 32
50%
2004/05 Wales Andy Johnson 22
50%
2005/06 Wales Andy Johnson 8
50%
2011/12 England Craig Dawson 8
50%
2012/13 England Craig Dawson 1
50%
2013/14 England Craig Dawson 12
50%
2014/15 England Craig Dawson 29
50%
2015/16 England Craig Dawson 38
50%
2016/17 England Craig Dawson 37
50%
2017/18 England Craig Dawson 28
50%
2014/15 England Craig Gardner 35
50%
2015/16 England Craig Gardner 34
50%
2016/17 England Craig Gardner 9
50%
2012/13 England Isaiah Brown 1
50%
2002/03 Grenada Jason Roberts 32
50%
2014/15 England Joleon Lescott 34
50%
2015/16 England Joleon Lescott 2
50%
2010/11 Austria Paul Scharner 33
50%
2011/12 Austria Paul Scharner 29
50%
2011/12 Ireland Shane Long 32
50%
2012/13 Ireland Shane Long 34
50%
2013/14 Ireland Shane Long 15
50%
2013/14 Benin Stephane Sessegnon 26
50%
2014/15 Benin Stephane Sessegnon 28
50%
2015/16 Benin Stephane Sessegnon 25
50%
2010/11 Ireland Steven Reid 23
50%
2011/12 Ireland Steven Reid 22
50%
2012/13 Ireland Steven Reid 11
50%
2013/14 Ireland Steven Reid 16
50%
2015/16 Wales Tyler Roberts 1
50%
2016/17 Cameroon Allan Nyom 32
42%
2017/18 Cameroon Allan Nyom 29
42%
2010/11 Wales Boaz Myhill 6
42%
2012/13 Wales Boaz Myhill 8
42%
2013/14 Wales Boaz Myhill 14
42%
2014/15 Wales Boaz Myhill 11
42%
2015/16 Wales Boaz Myhill 23
42%
2017/18 Wales Boaz Myhill 1
42%
2002/03 England Bob Taylor 4
42%
2020/21 Serbia Branislav Ivanovic 13
42%
2014/15 Northern Ireland Chris Baird 19
42%
2008/09 New Zealand Chris Wood 2
42%
2010/11 New Zealand Chris Wood 1
42%
2020/21 England Conor Gallagher 30
42%
2005/06 England Curtis Davies 33
42%
2017/18 England Daniel Sturridge 6
42%
2004/05 England Geoff Horsfield 29
42%
2005/06 England Geoff Horsfield 18
42%
2010/11 Chile Gonzalo Jara 29
42%
2011/12 Chile Gonzalo Jara 4
42%
2012/13 Chile Gonzalo Jara 1
42%
2017/18 Poland Grzegorz Krychowiak 27
42%
2016/17 England Jake Livermore 16
42%
2017/18 England Jake Livermore 34
42%
2020/21 England Jake Livermore 18
42%
2015/16 Ireland James McClean 35
42%
2016/17 Ireland James McClean 34
42%
2017/18 Ireland James McClean 30
42%
2017/18 England Jay Rodriguez 37
42%
2004/05 England Jonathan Greening 34
42%
2005/06 England Jonathan Greening 38
42%
2008/09 England Jonathan Greening 34
42%
2004/05 Japan Junichi Inamoto 3
42%
2005/06 Japan Junichi Inamoto 22
42%
2004/05 England Kevin Campbell 16
42%
2005/06 England Kevin Campbell 29
42%
2017/18 England Kieran Gibbs 33
42%
2020/21 England Kieran Gibbs 10
42%
2011/12 England Liam Ridgewell 13
42%
2012/13 England Liam Ridgewell 30
42%
2013/14 England Liam Ridgewell 33
42%
2016/17 Ireland Marc Wilson 4
42%
2016/17 Belgium Nacer Chadli 31
42%
2017/18 Belgium Nacer Chadli 5
42%
2013/14 France Nicolas Anelka 12
42%
2004/05 Wales Robert Earnshaw 31
42%
2005/06 Wales Robert Earnshaw 12
42%
2008/09 Slovenia Robert Koren 35
42%
2008/09 Suriname Ryan Donk 16
42%
2010/11 Cameroon Somen Tchoyi 23
42%
2011/12 Cameroon Somen Tchoyi 18
42%
2017/18 Egypt Ahmed Hegazy 38
33%
2020/21 Egypt Ahmed Hegazy 1
33%
2020/21 England Ainsley Maitland-Niles 15
33%
2004/05 Switzerland Bernt Haas 10
33%
2016/17 Zimbabwe Brendan Galloway 3
33%
2014/15 Nigeria Brown Ideye 24
33%
2020/21 Ireland Callum Robinson 28
33%
2014/15 Costa Rica Cristian Gamboa 10
33%
2015/16 Costa Rica Cristian Gamboa 1
33%
2014/15 Scotland Darren Fletcher 15
33%
2015/16 Scotland Darren Fletcher 38
33%
2016/17 Scotland Darren Fletcher 38
33%
2002/03 Jamaica Darren Moore 29
33%
2004/05 Jamaica Darren Moore 16
33%
2005/06 Jamaica Darren Moore 5
33%
2008/09 Ireland Dean Kiely 3
33%
2002/03 Scotland Derek McInnes 29
33%
2008/09 Portugal Filipe Andrade Teixeira 10
33%
2020/21 Croatia Filip Krovinovic 11
33%
2010/11 Romania Gabriel Tamas 26
33%
2011/12 Romania Gabriel Tamas 8
33%
2012/13 Romania Gabriel Tamas 11
33%
2014/15 Greece Georgios Samaras 5
33%
2008/09 England Ishmael Miller 15
33%
2010/11 England Ishmael Miller 6
33%
2015/16 Wales James Chester 13
33%
2002/03 Wales Jason Koumas 32
33%
2004/05 Wales Jason Koumas 10
33%
2020/21 Poland Kamil Grosicki 3
33%
2020/21 England Karlan Grant 21
33%
2004/05 England Kieran Richardson 12
33%
2020/21 England Kyle Edwards 5
33%
2002/03 England Lee Hughes 23
33%
2004/05 England Lloyd Dyer 4
33%
2008/09 England Luke Moore 21
33%
2004/05 Denmark Martin Albrechtsen 24
33%
2005/06 Denmark Martin Albrechtsen 31
33%
2020/21 Senegal Mbaye Diagne 16
33%
2013/14 France Morgan Amalfitano 28
33%
2002/03 England Neil Clement 36
33%
2004/05 England Neil Clement 35
33%
2005/06 England Neil Clement 31
33%
2004/05 Nigeria Nwankwo Kanu 28
33%
2005/06 Nigeria Nwankwo Kanu 25
33%
2004/05 England Paul Robinson 30
33%
2005/06 England Paul Robinson 33
33%
2008/09 England Paul Robinson 35
33%
2017/18 England Rekeem Harper 1
33%
2020/21 England Rekeem Harper 2
33%
2008/09 Czech Republic Roman Bednar 25
33%
2010/11 Czech Republic Roman Bednar 4
33%
2002/03 England Ronnie Wallwork 27
33%
2004/05 England Ronnie Wallwork 20
33%
2005/06 England Ronnie Wallwork 31
33%
2002/03 England Russell Hoult 37
33%
2004/05 England Russell Hoult 36
33%
2005/06 England Russell Hoult 1
33%
2008/09 England Scott Carson 35
33%
2010/11 England Scott Carson 32
33%
2002/03 Scotland Scott Dobie 31
33%
2004/05 Scotland Scott Dobie 5
33%
2014/15 Belgium Sebastien Pocognoli 15
33%
2015/16 Belgium Sebastien Pocognoli 1
33%
2015/16 Germany Serge Gnabry 1
33%
2004/05 Denmark Thomas Gaardsoe 29
33%
2005/06 Denmark Thomas Gaardsoe 7
33%
2013/14 Nigeria Victor Anichebe 24
33%
2014/15 Nigeria Victor Anichebe 21
33%
2015/16 Nigeria Victor Anichebe 10
33%
2008/09 Cote D'Ivoire Abdoulaye Meite 18
25%
2010/11 Cote D'Ivoire Abdoulaye Meite 10
25%
2002/03 England Adam Chambers 13
25%
2014/15 England Andre Wisdom 24
25%
2010/11 Mexico Carlos Vela 8
25%
2020/21 England Charlie Austin 5
25%
2005/06 England Chris Kirkland 10
25%
2002/03 England Des Lyttle 4
25%
2013/14 Uruguay Diego Lugano 9
25%
2005/06 Senegal Diomansy Kamara 26
25%
2008/09 Netherlands Gianni Zuiverloon 33
25%
2010/11 Netherlands Gianni Zuiverloon 2
25%
2010/11 Jamaica Giles Barnes 14
25%
2012/13 North Macedonia Goran Popov 12
25%
2013/14 North Macedonia Goran Popov 2
25%
2002/03 Slovakia Igor Balis 28
25%
2002/03 England James Chambers 8
25%
2005/06 Slovakia Jan Kozak 6
25%
2014/15 Australia Jason Davidson 2
25%
2008/09 England Jay Simpson 13
25%
2010/11 England Jerome Thomas 33
25%
2011/12 England Jerome Thomas 29
25%
2012/13 England Jerome Thomas 10
25%
2002/03 Ireland Joe Murphy 2
25%
2015/16 England Jonathan Leko 5
25%
2016/17 England Jonathan Leko 9
25%
2002/03 Angola Jordao 3
25%
2008/09 Argentina Juan Carlos Menseguez 7
25%
2011/12 Ireland Keith Andrews 14
25%
2008/09 South Korea Kim Do-Heon 16
25%
2002/03 Iceland Larus Sigurdsson 29
25%
2002/03 England Lee Marshall 9
25%
2013/14 England Liam O'Neil 3
25%
2008/09 France Marc-Antoine Fortune 17
25%
2010/11 France Marc-Antoine Fortune 25
25%
2011/12 France Marc-Antoine Fortune 17
25%
2012/13 France Marc-Antoine Fortune 21
25%
2008/09 Slovakia Marek Cech 8
25%
2010/11 Slovakia Marek Cech 15
25%
2012/13 Sweden Markus Rosenberg 24
25%
2013/14 Sweden Markus Rosenberg 4
25%
2011/12 Hungary Marton Fulop 1
25%
2013/14 Czech Republic Matej Vydra 23
25%
2005/06 England Nathan Ellington 31
25%
2008/09 Cape Verde Pele 3
25%
2004/05 England Riccardo Scimeca 33
25%
2005/06 England Riccardo Scimeca 2
25%
2015/16 England Rickie Lambert 19
25%
2016/17 England Rickie Lambert 1
25%
2004/05 England Robert Hulse 5
25%
2015/16 England Sam Field 1
25%
2016/17 England Sam Field 8
25%
2017/18 England Sam Field 10
25%
2020/21 England Sam Field 3
25%
2015/16 Brazil Sandro 12
25%
2013/14 England Scott Sinclair 8
25%
2014/15 Argentina Sebastian Blanco 3
25%
2008/09 Curacao Shelton Martis 7
25%
2014/15 Portugal Silvestre Varela 7
25%
2010/11 Ireland Simon Cox 19
25%
2011/12 Ireland Simon Cox 18
25%
2005/06 England Steve Watson 30
25%
2004/05 Poland Tomasz Kuszczak 3
25%
2005/06 Poland Tomasz Kuszczak 28
25%
2015/16 England Alex Pritchard 2
17%
2008/09 Spain Borja Valero 30
17%
2014/15 England Callum McManaman 8
17%
2015/16 England Callum McManaman 12
17%
2008/09 Belgium Carl Hoefkens 10
17%
2004/05 Romania Cosmin Contra 5
17%
2008/09 Scotland Craig Beattie 7
17%
2002/03 England Danny Dichio 28
17%
2005/06 England Darren Carter 20
17%
2004/05 England Darren Purse 22
17%
2020/21 England David Button 1
17%
2010/11 England George Thorne 1
17%
2011/12 England George Thorne 3
17%
2012/13 England George Thorne 5
17%
2002/03 Nigeria Ifeanyi Udeze 11
17%
2010/11 England James Hurst 1
17%
2005/06 England Jared Hodgkiss 1
17%
2020/21 England Lee Peltier 4
17%
2008/09 England Leon Barnett 11
17%
2013/14 England Luke Daniels 1
17%
2010/11 England Nicky Shorey 28
17%
2011/12 England Nicky Shorey 25
17%
2005/06 Scotland Nigel Quashie 9
17%
2017/18 Scotland Oliver Burke 15
17%
2010/11 Spain Pablo Ibanez 10
17%
2002/03 England Phil Gilchrist 22
17%
2004/05 England Richard Chaplow 4
17%
2005/06 England Richard Chaplow 7
17%
2002/03 England Sean Gregan 36
17%
2008/09 Netherlands Sherjill MacDonald 5
17%
2005/06 England Stuart Nicholson 4
17%
2013/14 Congo Thievy Bifouma 6
17%
2005/06 Uruguay Williams Martinez 2
17%
2004/05 North Macedonia Artim Sakiri 3
8%
No matching quizzes found
Score Distribution
Percent of People with Each Score
Percentile by Number Answered
Your Score History
You have not taken this quiz